000 01300nam a2200217Ia 4500
001 15692
003 GE_BSU
008 181216s||||||||xx |||||||||||||| ||und||
040 _cGE_BSU
080 _a821.353.1 + 821.133.1-31
100 _aჭავჭავაძე, ი. (ილია, 1837-1907)
245 _aთხზულებათა სრული კრებული : 20 ტომად. ტ. 4 : მხატვრული თარგმანები
245 _cრედ.: გიორგი ციციშვილი.ტომის რედ.ზ.ჭუმბურიძე. გ.შარაძე. ტექსტი გამოსაც. მოამზ. და შენიშვნ. დაურთო იზა დობორჯგინიძემ. ტომს იკონოგრაფ. მასალა დაურთო გ. შარაძემ ; მხატვ. გ. ლომიძე
260 _aთბილისი
260 _c1989
300 _a526 გვ. : 1 ფ. პორტრ.20 სმ
653 _aთხზულებათა სრული კრებული
653 _aიზა: რომანი ბუვიესი
653 _aმხატვრული თარგმანები
942 _cBK
999 _c48790
_d48790